MARC

Tag First Indicator Second Indicator Subfields
LEADER 00000cam a2200000Ia 4500
001 in00002738521
005 20210728124635.0
006 m d
007 cr cnu---unuuu
008 111227s2011 gw a ob 101 0 eng d
020 |a 3642272452 (electronic bk.) 
020 |a 9783642272455 (electronic bk.) 
020 |z 9783642272448 
035 |a (OCoLC)769465237 
035 |a (OCoLC)ocn769465237 
035 |a 3957003 
040 |a GW5XE  |c GW5XE  |d GZM  |d UtOrBLW 
049 |a TXAC 
050 4 |a QA76.76.I58  |b I58 2011 
082 0 4 |a 006.3  |2 23 
111 2 |a International Conference on Computer Information Systems and Industrial Management Applications  |n (10th :  |d 2011 :  |c Calcutta, India) 
245 1 0 |a Computer information systems--analysis and technologies :  |b 10th international conference, CISIM 2011, Kolkata, India, December 14-16, 2011 : proceedings /  |c Nabendu Chaki, Agostino Cortesi (eds.). 
246 3 |a CISIM 2011 
264 1 |a Berlin ;  |a New York :  |b Springer,  |c [2011] 
264 4 |c ©2011 
300 |a 1 online resource. 
336 |a text  |b txt  |2 rdacontent 
337 |a computer  |b c  |2 rdamedia 
338 |a online resource  |b cr  |2 rdacarrier 
490 1 |a Communications in computer and information science,  |x 1865-0929 ;  |v 245 
500 |a Electronic resource. 
500 |a International conference proceedings. 
504 |a Includes bibliographical references and author index. 
650 0 |a Artificial intelligence  |x Industrial applications  |v Congresses.  |0 http://id.loc.gov/authorities/subjects/sh2009115959 
650 0 |a Computer networks  |v Congresses.  |0 http://id.loc.gov/authorities/subjects/sh2008101222 
650 0 |a Intelligent agents (Computer software)  |v Congresses.  |0 http://id.loc.gov/authorities/subjects/sh2008104780 
653 4 |a Algorithm Analysis and Problem Complexity 
653 4 |a Artificial Intelligence (incl. Robotics) 
653 4 |a Artificial intelligence 
653 4 |a Computer Communication Networks 
653 4 |a Computer science 
653 4 |a Computer software 
653 4 |a Information Storage and Retrieval 
653 4 |a Information Systems Applications (incl. Internet) 
653 4 |a Information storage and retrieval systems 
653 4 |a Software engineering 
655 7 |a Electronic books.  |2 local 
700 1 |a Chaki, Nabendu.  |0 http://id.loc.gov/authorities/names/no2011005177 
700 1 |a Cortesi, Agostino,  |d 1963-  |0 http://id.loc.gov/authorities/names/n99256413 
830 0 |a Communications in computer and information science ;  |v 245.  |x 1865-0929  |0 http://id.loc.gov/authorities/names/no2008037797 
856 4 0 |u http://proxy.library.tamu.edu/login?url=https://dx.doi.org/10.1007/978-3-642-27245-5  |z Connect to the full text of this electronic book  |t 0 
994 |a 92  |b TXA 
999 |a MARS 
999 f f |s b39ef80c-bd29-37dc-a65d-fc8c5665214e  |i dcd844c5-5615-3f74-9ff8-3f1b450ed16f  |t 0 
952 f f |a Texas A&M University  |b College Station  |c Electronic Resources  |d Available Online  |t 0  |e QA76.76.I58 I58 2011  |h Library of Congress classification 
998 f f |a QA76.76.I58 I58 2011  |t 0  |l Available Online